[Event "Ruhrgebiet 4 Cup"]
[Site "Ruhrgebiet"]
[Date "2000.??.??"]
[Round "2"]
[White "Schminder, Gerd"]
[Black "Scholz, Christian"]
[Result "0-1"]
[WhiteElo "1718"]
[BlackElo "2323"]
[PlyCount "36"]
[EventDate "2000.02.13"]
[EventType "team-k.o."]
[EventRounds "3"]
[EventCountry "GER"]
[SourceTitle "EXT 2024"]
[Source "ChessBase"]
[SourceDate "2023.10.10"]
[SourceVersion "1"]
[SourceVersionDate "2023.10.10"]
[SourceQuality "1"]
[WhiteTeam "Neu Herne Zeppelin"]
[BlackTeam "Bochum SG"]
[WhiteTeamCountry "GER"]
[BlackTeamCountry "GER"]

1. g4 d5 2. Bg2 e5 3. c4 c6 4. cxd5 cxd5 5. Qb3 Ne7 6. Nc3 e4 7. d3 exd3 8. Nxd5 Nxd5 9. Bxd5 Bb4+ 10. Bd2 Bxd2+ 11. Kxd2 dxe2 12. Nxe2 0-0 13. Rhd1 Bxg4 14. f3 Bf5 15. Ke1 Qa5+ 16. Qc3 Qb6 17. Nd4 Re8+ 18. Kd2 Qh6+ 0-1